The Intelligent Man's Guide Through World Chaos / (Record no. 184522)
[ view plain ]
| 000 -LEADER | |
|---|---|
| fixed length control field | 00951 a2200169 4500 |
| 003 - CONTROL NUMBER IDENTIFIER | |
| control field | Nust |
| 005 - DATE AND TIME OF LATEST TRANSACTION | |
| control field | 20230301160124.0 |
| 040 ## - CATALOGING SOURCE | |
| Transcribing agency | Nust |
| 082 ## - DEWEY DECIMAL CLASSIFICATION NUMBER | |
| Classification number | 330,COL |
| 100 ## - MAIN ENTRY--PERSONAL NAME | |
| Personal name | Cole.G.D.H |
| 9 (RLIN) | 49394 |
| 245 ## - TITLE STATEMENT | |
| Title | The Intelligent Man's Guide Through World Chaos / |
| Statement of responsibility, etc. | G D H Cole |
| 260 ## - PUBLICATION, DISTRIBUTION, ETC. | |
| Place of publication, distribution, etc. | London |
| Name of publisher, distributor, etc. | Victor Gollancz |
| 300 ## - PHYSICAL DESCRIPTION | |
| Extent | 680:p |
| 505 ## - FORMATTED CONTENTS NOTE | |
| Formatted contents note | The World Crises, An Introductory Survey (Page-17), The Economic Consequences Of The War (Page-69), Two Centuries Of Economic Growth (Page-112), The Economic System In Theory And Practice (Page-150), Prices And The Price Level (Page-186), Money, Credit And Capital (Page-216), Unemployment And Industrial Fluctuations (Page-311), Foreign Trade And Fiscal Policy (Page-351), Public Finance And Taxation (Page-432), Economic Organization (Page-483), The Challenge Of Russia (Page-526), Alternatives To Capitalism (Page-572), The World Outlook (Page-627). |
| 650 ## - SUBJECT ADDED ENTRY--TOPICAL TERM | |
| Topical term or geographic name entry element | World Chaos |
| 9 (RLIN) | 109696 |
| 942 ## - ADDED ENTRY ELEMENTS (KOHA) | |
| Source of classification or shelving scheme | |
| Koha item type | Book |
| Withdrawn status | Lost status | Source of classification or shelving scheme | Damaged status | Not for loan | Permanent Location | Current Location | Shelving location | Date acquired | Full call number | Barcode | Date last seen | Price effective from | Koha item type | Public note |
|---|---|---|---|---|---|---|---|---|---|---|---|---|---|---|
| Military College of Signals (MCS) | Military College of Signals (MCS) | General Stacks | 12/12/2016 | 330,COL | MCS30034 | 12/08/2016 | 12/12/2016 | Book | Almirah No.73, Shelf No.5 |
